Přehled dějin pedagogiky /

Hlavní autor: Hábl, Jan, 1975-
Korporativní autor: Univerzita Hradec Králové. Katedra pedagogiky a psychologie
Další autoři: Janiš, Kamil, 1984-
Jazyk: Čeština
Vydáno: Hradec Králové : Gaudeamus, 2010
Vydání: Vyd. 1.
Témata:
Externí odkaz: Digitalizovaný dokument
Fyzický popis: 113 s. ; 21 cm
Knihy
Uloženo v:
LEADER 01992nam a2200457 a 4500
001 nkc20102096978
003 CZ PrNK
005 20130220144835.0
007 ta
008 100419s2010 xr e p 000 0 cze
015 |a cnb002096978 
020 |a 978-80-7435-044-3  |q (brož.) 
035 |a (OCoLC)649801317 
040 |a BOA001  |b cze  |d ABA001 
072 7 |a 37  |x Výchova a vzdělávání  |2 Konspekt  |9 22 
072 7 |a 37.016  |x Učební osnovy. Vyučovací předměty. Učebnice  |2 Konspekt  |9 22 
080 |a 37.01(091)  |2 MRF 
080 |a (075.8)  |2 MRF 
100 1 |a Hábl, Jan,  |d 1975-  |7 hka2010577128  |4 aut 
245 1 0 |a Přehled dějin pedagogiky /  |c Jan Hábl, Kamil Janiš ml. 
250 |a Vyd. 1. 
260 |a Hradec Králové :  |b Gaudeamus,  |c 2010 
300 |a 113 s. ;  |c 21 cm 
500 |a Nad názvem: Univerzita Hradec Králové, katedra pedagogiky a psychologie 
500 |a 300 výt. 
504 |a Obsahuje bibliografii a bibliografické odkazy 
650 0 7 |a dějiny pedagogiky  |7 ph198686  |2 czenas 
650 0 9 |a history of educational science  |2 eczenas 
655 7 |a učebnice vysokých škol  |7 fd133772  |2 czenas 
655 9 |a textbooks (higher)  |2 eczenas 
700 1 |a Janiš, Kamil,  |d 1984-  |7 jo2009521380  |4 aut 
710 2 |a Univerzita Hradec Králové.  |b Katedra pedagogiky a psychologie  |7 kn20020422011 
856 4 1 |u http://www.digitalniknihovna.cz/mzk/uuid/uuid:7557ca40-3a28-11e7-8e0f-005056827e52  |y Digitalizovaný dokument  |x NDK 
910 2 |a BOA001  |b 2-1243.391 
990 |a BK 
995 |a 01 
991 |b 201006  |c NOV 
996 6 |b 2610437777  |c 2-1243.391  |l MZK  |r Sklad / do 1 hodiny  |n 12  |p p.v.  |w 001122295  |u 000010  |a 1  |e BOA001  |j MZK50  |s P 
996 7 |b 2610451886  |c 2-1243.391  |l MZK  |r Sklad / do 1 hodiny  |n 32  |p kup  |w 001122295  |u 000020  |a 1  |e BOA001  |j MZK50  |s A 
996 7 |b 2610479515  |c 2-1243.391  |l MZK  |r Sklad / do 1 hodiny  |n 21  |p kup  |w 001122295  |u 000030  |a 1  |e BOA001  |j MZK50  |s A 
996 7 |b 2610479516  |c 2-1243.391  |l MZK  |r Sklad / do 1 hodiny  |n 18  |p kup  |w 001122295  |u 000040  |a 1  |e BOA001  |j MZK50  |s A